000 00337nam a22001217a 4500
040 _cSY
082 _a338
100 _aVON MONIN; វន មុនិន្ទ
245 _aCommunity forest management, ការគ្រប់គ្រងសហគមន៍ព្រៃឈើ
260 _aRUA
_bVON
_c2007
300 _a94p.
942 _cKB
999 _c9381
_d9381